000 05914nam a22005897a 4500
005 20080926170116.0
008 080926t xxu||||| |||| 00| 0 eng d
010 _aENG-91064 B-317327-333
020 _a9788190659666
_c400.00
035 _aEN-74597
035 _a B-317327-333
035 _aB-359145
035 _aB-341031-043
037 _bDBAD / PUB Priyanka Prakashan
037 _bPansy Books
040 _adpl
_bEnglish
082 _a022.3
100 _aRudra, P.K.
245 _aLibrary :
_cby P.K. Rudra
_bbuildings, furniture, design and planning /
260 _aDelhi
_bPriyanka Prakashan
_c2008
270 _aL-20/13, Gali No. 5, Shivaji Marg, kartar Nagar
_bDelhi
_e110053
300 _aviii, 280p.
_c22cm(pbk)
500 _aIncludes glossary, bibliographical references and index
650 _aLibrary architecture
650 _aLibrary buildings
_xDesign and construction
942 _2ddc
_cEN
_mRUD
_h022.3
999 _c15771
_d15771